Statutory Duties of Directors of Limited Companies : (Record no. 297)
[ view plain ]
| 000 -LEADER | |
|---|---|
| fixed length control field | 00557nam a22001577a 4500 |
| 005 - DATE AND TIME OF INPUT | |
| control field | 20231106085320.0 |
| 008 - DATA ELEMENTS--GENERAL INFORMATION | |
| fixed length control field | 231106b |||||||| |||| 00| 0 eng d |
| 041 ## - LANGUAGE CODE | |
| Language code of text | English |
| 082 ## - SHELF NUMBER | |
| DDC number | 346.6 BRI |
| 100 ## - MAIN AUTHOR | |
| Main author's name | Britzuis, O |
| Language of a work | English |
| 245 ## - TITLE STATEMENT | |
| Title | Statutory Duties of Directors of Limited Companies : |
| Sub-title | Under the Companies Act, No 46 of 1926, as Amended / |
| Statement of responsibility, etc. | O Britzius |
| 260 ## - PUBLICATION, DISTRIBUTION, ETC. | |
| Place of publication, distribution, etc. | Cape Town : |
| Name of publisher, distributor, etc. | Juta and Company Limited, |
| Date of publication, distribution, etc. | 1954 |
| 300 ## - PHYSICAL DESCRIPTION | |
| Other physical details | viii, 78 pages ; |
| Dimensions | 23 cm. |
| 650 ## - SUBJECT` | |
| Broad subject | Legal practice |
| Own subject terms | Law |
| 942 ## - ADDED ENTRY ELEMENTS (KOHA) | |
| Item type | Books |
| 942 ## - ADDED ENTRY ELEMENTS (KOHA) | |
| -- | ALISON_BN_VRIES |
| Source of classification or shelving scheme | Not for loan | Collection code | Home library | Current library | Shelving location | Date acquired | Full call number | Barcode | Price effective from | Koha item type |
|---|---|---|---|---|---|---|---|---|---|---|
| Dewey Decimal Classification | TEXT BOOKS | LAW SOCIETY OF NAMIBIA LIBRARY - WINDHOEK | LAW SOCIETY OF NAMIBIA LIBRARY - WINDHOEK | Corporate, commercial and company law | 11/06/2023 | 346.6 BRI | LSN/1987/286 | 11/06/2023 | Books |
